Stolice polskich województw - Statystyki

Ogólne statystyki
  • Ten quiz został rozwiązany 235 razy
  • Średni wynik to 16 z 18
Statystyki odpowiedzi
Stolica % Poprawnych
Warszawa
99%
Kraków
97%
Gdańsk
96%
Wrocław
95%
Poznań
94%
Szczecin
94%
Lublin
93%
Białystok
92%
Katowice
92%
Łódź
92%
Opole
88%
Bydgoszcz
87%
Rzeszów
84%
Zielona Góra
84%
Toruń
83%
Kielce
82%
Olsztyn
76%
Gorzów Wielkopolski
70%
Nie znaleziono quizów pasujących do podanych kryteriów
Rozkład punktacji
Procent ludzi z każdym wynikiem
Percentyl według liczby udzielonych odpowiedzi
Twoja historia wyników
Nie rozwiązałeś tego quizu